[Event "Euro Online U2300 Day 1"]
[Site "chess.com INT"]
[Date "2020.05.25"]
[Round "3"]
[White "Karasik, Mikhail"]
[Black "Kresz, Adam"]
[Result "1-0"]
[WhiteElo "2167"]
[BlackElo "2138"]
[WhiteFideId "4154541"]
[BlackFideId "794422"]
[EventDate "2020.05.25"]

1. e4 e6 2. d4 d5 3. exd5 exd5 4. g3 Bd6 5. Bg2 Ne7 6. f4 Nbc6 7. Nf3 Bf5 8. c3
f6 9. O-O Qd7 10. b4 O-O-O 11. b5 Nb8 12. a4 h6 13. Qb3 g5 14. fxg5 hxg5 15. c4
dxc4 16. Qxc4 Ng6 17. Qd5 Be6 18. Qe4 f5 19. Qd3 g4 20. Ng5 Rh5 21. d5 Bc5+ 22.
Kh1 Rdh8 23. h3 gxh3 24. Bf3 Ne5 25. Qe2 Bxd5 26. Qxe5 Bxf3+ 27. Nxf3 Bd6 28.
Qd4 Bxg3 29. Qxd7+ Nxd7 30. Bb2 Re8 31. Nbd2 Re2 32. Bd4 f4 33. Nc4 Rd5 34. Rad1
Rc2 35. Ncd2 c5 36. bxc6 bxc6 37. Ne4 Kb7 38. Rb1+ Ka6 39. Rbc1 Ra2 40. Nc3 Rxd4
41. Nxa2 Rxa4 42. Nc3 Rb4 43. Ra1+ Kb7 44. Rab1 c5 45. Nd5 Rxb1 46. Rxb1+ Kc6
47. Nc3 a5 48. Ra1 Nb6 49. Rxa5 Nc4 50. Ra6+ Kb7 51. Rh6 h2 52. Nxh2 Bxh2 53.
Kxh2 1-0

[Event "Euro Online U2300 Day 1"]
[Site "chess.com INT"]
[Date "2020.05.25"]
[Round "3"]
[White "Timoshin, Andrei"]
[Black "Gasimov, Parviz"]
[Result "1-0"]
[BlackTitle "FM"]
[WhiteElo "2132"]
[BlackElo "2337"]
[WhiteFideId "4503503"]
[BlackFideId "13408798"]
[EventDate "2020.05.25"]

1. e4 e6 2. d4 d5 3. Nd2 c5 4. exd5 Qxd5 5. Ngf3 cxd4 6. Bc4 Qd7 7. Nb3 Nc6 8.
Nfxd4 Nxd4 9. Nxd4 a6 10. a4 Qc7 11. Bb3 Bd6 12. h3 Ne7 13. O-O O-O 14. c3 Bd7
15. Bc2 Ng6 16. Be3 Rad8 17. Qh5 Bh2+ 18. Kh1 Bf4 19. Rfe1 Qe5 20. Qf3 Bxe3 21.
Rxe3 Qc7 22. h4 Qf4 23. h5 Qxf3 24. Nxf3 Nf4 25. h6 gxh6 26. Nd4 Bc8 27. Re4 Ng6
28. Re3 Rd6 29. Rae1 Rfd8 30. Kg1 Kg7 31. g3 e5 32. Nf5+ Bxf5 33. Bxf5 f6 34. a5
Rd1 35. b4 Ne7 36. Be4 R1d7 37. Bg2 Nf5 38. Re4 Ne7 39. Rg4+ Ng6 40. Rc4 Kf8 41.
Bf3 Ke7 42. Bg4 Rd3 43. Rc7+ Kf8 44. Rxb7 Rxc3 45. Rxh7 Kg8 46. Ra7 Rd6 47. Bf5
Nf8 48. Rb1 Ra3 49. Rb7 Rd4 50. Rb6 Ra4 51. Rxf6 Raxb4 52. Rxb4 Rxb4 53. Rxh6 e4
54. Rxa6 Rb5 55. Bxe4 Re5 56. f3 1-0

[Event "Euro Online U2300 Day 1"]
[Site "chess.com INT"]
[Date "2020.05.25"]
[Round "3"]
[White "Bogdanovics, Kirills"]
[Black "Mirimanian, Hayk"]
[Result "0-1"]
[BlackTitle "FM"]
[WhiteElo "1657"]
[BlackElo "2268"]
[WhiteFideId "11608064"]
[BlackFideId "4700180"]
[EventDate "2020.05.25"]

1. d4 d5 2. c4 dxc4 3. e3 e5 4. Bxc4 exd4 5. Qxd4 Qxd4 6. exd4 Nc6 7. Nf3 Bg4 8.
Be3 Bb4+ 9. Nc3 Bxf3 10. gxf3 Nge7 11. O-O-O O-O 12. Rhg1 Nf5 13. a3 Bd6 14. f4
Rfe8 15. d5 Na5 16. Bd3 Nxe3 17. fxe3 Rxe3 18. Kc2 b6 19. b4 Nb7 20. Rgf1 a5 21.
Kb3 axb4 22. axb4 Rae8 23. Ba6 Nd8 24. Rd4 f5 25. Bb5 R8e7 26. Ra1 Rf3 27. Ra8
Ree3 28. Rxd8+ Kf7 29. Rd7+ Kf6 30. Rc4 Re7 31. Rxe7 Kxe7 32. Rd4 Kf6 33. Kc4
Bxf4 34. h4 Be5 35. Rd3 Rf4+ 36. Kb3 Rxh4 37. Rf3 Bd6 38. Bd3 Rxb4+ 39. Kc2 Rf4
40. Rh3 g5 41. Rxh7 Rf2+ 42. Kb3 g4 43. Rh8 g3 44. Rg8 Be5 45. Ne2 g2 46. Bc4 f4
47. Ng1 Bd4 48. Ne2 Bc5 49. Ng1 Ke5 50. Re8+ Kd4 51. Re2 Rxe2 52. Bxe2 Ke4 53.
Nf3 Kxd5 54. Bd3 g1=Q 55. Nxg1 Bxg1 56. Kc3 Be3 57. Be2 Ke4 58. Kc2 f3 59. Bf1
Bg5 60. Kd1 Ke3 61. Bh3 b5 62. Ke1 c5 63. Bd7 b4 64. Be6 Bh4+ 65. Kf1 Kd3 66.
Bf5+ Kd4 67. Be6 c4 68. Bf5 0-1

[Event "Euro Online U2300 Day 1"]
[Site "chess.com INT"]
[Date "2020.05.25"]
[Round "3"]
[White "Vashchilov, Sergey"]
[Black "Miletic, Vuk"]
[Result "1/2-1/2"]
[WhiteElo "2176"]
[BlackElo "2159"]
[WhiteFideId "13506676"]
[BlackFideId "16503406"]
[EventDate "2020.05.25"]

1. e4 c5 2. Nf3 Nc6 3. Bb5 g6 4. Bxc6 dxc6 5. O-O Bg7 6. h3 e5 7. Nc3 Qc7 8. a3
a5 9. Na4 b6 10. d3 Nf6 11. Be3 O-O 12. b4 axb4 13. axb4 cxb4 14. Nxb6 Rxa1 15.
Qxa1 Nd7 16. Nxd7 Bxd7 17. Rb1 c5 18. Qa6 f5 19. Qc4+ Kh8 20. Ng5 h6 21. Bxc5
Rc8 22. Nf7+ Kh7 23. Nd6 Qxc5 24. Nxc8 Qxc8 25. Qxc8 Bxc8 26. Rxb4 fxe4 27. dxe4
Be6 28. c4 Bf8 29. Rb7+ Kg8 30. Rc7 Bb4 31. c5 Kf8 32. c6 Ke8 33. Rg7 g5 34. c7
Bf8 35. Rg6 Bc8 36. Kh2 Kd7 37. Rf6 Bd6 38. Rxh6 Bxc7 39. Rg6 Bd8 40. Rg7+ Kd6
41. g3 Be6 42. Rh7 Bf6 43. Ra7 Bd8 44. Kg2 Bb6 45. Rg7 Bd8 46. Rh7 Bf6 47. h4
gxh4 48. gxh4 Bg8 49. Rh6 Ke7 50. Kg3 Kf7 51. f4 Kg7 52. Rh5 Bf7 53. Rf5 Bg6 54.
fxe5 Bxf5 55. exf6+ Kxf6 56. exf5 Kxf5 57. h5 Kg5 58. h6 Kxh6 1/2-1/2

[Event "Euro Online U2300 Day 1"]
[Site "chess.com INT"]
[Date "2020.05.25"]
[Round "3"]
[White "Berin, Artem"]
[Black "Eden, James"]
[Result "0-1"]
[BlackTitle "IM"]
[WhiteElo "1881"]
[BlackElo "2330"]
[WhiteFideId "14189100"]
[BlackFideId "666491"]
[EventDate "2020.05.25"]

1. d4 f5 2. g3 Nf6 3. Bg2 g6 4. c3 Bg7 5. Qb3 d5 6. Nf3 O-O 7. O-O c6 8. Ne5
Nbd7 9. Nd3 Ne4 10. f3 Nd6 11. Bf4 Qb6 12. Nd2 Re8 13. Qxb6 axb6 14. Ne5 Nf7 15.
Nxf7 Kxf7 16. e4 e5 17. dxe5 Nxe5 18. Bxe5 Rxe5 19. f4 Rxe4 20. Bxe4 fxe4 21.
Kf2 Bf8 22. Nb3 Bg4 23. Ke3 h5 24. Rf2 Be7 25. a3 h4 26. Rg1 Rh8 27. Rff1 c5 28.
Rf2 Be6 29. Nc1 hxg3 30. hxg3 Rh3 31. Ne2 Bg4 32. Rgg2 Rh1 33. Rg1 Rh8 34. Rgg2
Bf6 35. Rh2 Rd8 36. Rf1 d4+ 37. cxd4 cxd4+ 38. Kxe4 d3 39. Nc3 Bxc3 40. bxc3 d2
41. Rh7+ Kg8 42. Rxb7 Rd6 43. Rb8+ Kg7 44. Ke3 d1=Q 45. Rxd1 Bxd1 46. Ke4 Bg4
47. Ke5 Rc6 48. c4 Rxc4 49. Rxb6 Rc3 50. Rb7+ Kh6 51. Rb8 Rxa3 52. Rh8+ Kg7 53.
Rh4 Rxg3 54. Ke4 Bf5+ 55. Ke5 Re3+ 56. Kd5 Re1 57. Rh2 Kf6 58. Rf2 Be6+ 59. Kd4
Kf5 60. Kd3 Re4 61. Rg2 Rxf4 62. Rh2 g5 63. Ke2 Ra4 64. Ke1 Ra1+ 65. Kf2 Ra2+
66. Kg3 Rxh2 67. Kxh2 Kf4 68. Kg2 Bd5+ 69. Kf2 g4 70. Kf1 g3 71. Kg1 Kf3 72. Kf1
g2+ 73. Kg1 Ba8 74. Kh2 Kf2 75. Kh3 g1=Q 0-1

[Event "Euro Online U2300 Day 1"]
[Site "chess.com INT"]
[Date "2020.05.25"]
[Round "3"]
[White "Malynovskyi, Rostyslav"]
[Black "Andolfatto, Maria"]
[Result "1-0"]
[WhiteTitle "FM"]
[WhiteElo "2174"]
[BlackElo "2002"]
[WhiteFideId "14150883"]
[BlackFideId "2800476"]
[EventDate "2020.05.25"]

1. d4 d5 2. c4 e6 3. Nc3 Nf6 4. cxd5 exd5 5. Bg5 Be7 6. Qc2 c6 7. e3 Nbd7 8. Bd3
h6 9. Bh4 Nh5 10. Bxe7 Qxe7 11. O-O-O Nb6 12. Kb1 Be6 13. Nf3 O-O-O 14. Rc1 Kb8
15. Na4 Nxa4 16. Qxa4 Rc8 17. Rc5 Nf6 18. Rhc1 Nd7 19. R5c3 Nb6 20. Qc2 g5 21.
a4 Qb4 22. Ra3 f6 23. a5 Nc4 24. Bxc4 dxc4 25. Ka1 g4 26. Nd2 c5 27. Ra4 Qb5 28.
Nxc4 cxd4 29. exd4 Rc6 30. b3 Qd5 31. Qd2 Qxg2 32. Qf4+ Kc8 33. Qxf6 Rd8 34. Re1
Bxc4 35. Qf5+ Kb8 36. Rxc4 Rxc4 37. bxc4 Qc6 38. Qe5+ Ka8 39. Qb5 Qxb5 40. cxb5
Kb8 41. b6 axb6 42. axb6 Kc8 43. Rc1+ Kd7 44. Rc7+ Ke6 45. Rxb7 Rxd4 46. Rh7 Kf5
47. Rxh6 Rb4 48. Ka2 Kf4 49. Ka3 Rb1 50. Ka4 Kf3 51. Rf6+ Kg2 52. Ka5 Kxh2 53.
Rf4 Kh3 54. Ka6 Ra1+ 55. Kb7 Ra2 56. Kb8 Rb2 57. b7 Rb1 58. Kc7 1-0

[Event "Euro Online U2300 Day 1"]
[Site "chess.com INT"]
[Date "2020.05.25"]
[Round "3"]
[White "Ptacnikova, Lenka"]
[Black "Kabadayi, Can"]
[Result "0-1"]
[WhiteTitle "WGM"]
[WhiteElo "2111"]
[BlackElo "2176"]
[WhiteFideId "305650"]
[BlackFideId "6306810"]
[EventDate "2020.05.25"]

1. c4 c6 2. Nf3 d5 3. e3 Nf6 4. b3 g6 5. Bb2 Bg7 6. Be2 O-O 7. O-O a5 8. d3 Na6
9. Nc3 Nc5 10. Rc1 dxc4 11. bxc4 Bg4 12. h3 Bxf3 13. gxf3 Ne6 14. f4 g5 15. f5
Nc7 16. e4 Na6 17. Qd2 h6 18. Kg2 Nc5 19. Qe3 b6 20. Ba3 Na6 21. e5 Nd7 22. e6
Ndc5 23. Ne4 Bd4 24. Qg3 fxe6 25. Nxg5 hxg5 26. Qxg5+ Bg7 27. Bb2 Rf6 28. Bxf6
exf6 29. Qe3 e5 30. Rcd1 Qd4 31. Qf3 e4 32. dxe4 Qxe4 33. Qxe4 Nxe4 34. Bf3 Nac5
35. Rfe1 Nc3 36. Bxc6 Nxd1 37. Bxa8 Nc3 38. Re8+ Kh7 39. Rb8 Nxa2 40. Rxb6 a4
41. Rb5 Bf8 42. Ra5 Nc3 43. Bc6 Kh6 44. h4 Bd6 45. Ra7 Nd3 46. Bxa4 Nxa4 47.
Rxa4 Bc5 48. Ra6 Kg7 49. Rc6 Be7 50. Rc7 Kf7 51. Rd7 Ne5 52. Rd4 Kg7 53. f4 Nc6
54. Rd7 Kf8 55. h5 Nd8 56. c5 Ke8 57. Rc7 Nf7 0-1

[Event "Euro Online U2300 Day 1"]
[Site "chess.com INT"]
[Date "2020.05.25"]
[Round "3"]
[White "Exler, Veronika"]
[Black "Narva, Mai"]
[Result "1-0"]
[WhiteTitle "WIM"]
[BlackTitle "WIM"]
[WhiteElo "2155"]
[BlackElo "2333"]
[WhiteFideId "1620550"]
[BlackFideId "4500512"]
[EventDate "2020.05.25"]

1. e4 c5 2. c3 d5 3. exd5 Qxd5 4. d4 Nf6 5. Nf3 Nc6 6. dxc5 Qxc5 7. Na3 e5 8.
Be3 Qa5 9. Nb5 Bg4 10. Nd6+ Bxd6 11. Qxd6 Rd8 12. Qc5 Qxc5 13. Bxc5 Rd5 14. Ba3
e4 15. Nd2 Ne5 16. h3 Be6 17. O-O-O Nd3+ 18. Bxd3 Rxd3 19. Nb3 b6 20. Kc2 Bf5
21. Nd4 Bg6 22. Ne2 Kd7 23. Nf4 Rxd1 24. Rxd1+ Kc6 25. Rd6+ Kc7 26. Nxg6 hxg6
27. Kd2 Rh5 28. c4 Nd7 29. Rd5 a5 30. Ke3 Rh8 31. Rd4 f5 32. Bd6+ Kc6 33. Bf4
Nf6 34. b3 Re8 35. a3 Re6 36. b4 axb4 37. axb4 b5 38. Kd2 bxc4 39. Rxc4+ Kb5 40.
Rd4 Ra6 41. Bd6 Kc6 42. Bc5 Ra2+ 43. Ke1 Nd5 44. Kf1 Ra1+ 45. Ke2 Nf4+ 46. Kd2
Ra2+ 47. Kd1 Nxg2 48. Rd6+ Kb5 49. Rxg6 Rxf2 50. Bxf2 Nf4 51. Rxg7 Nxh3 52. Be3
f4 53. Bd4 Kxb4 54. Rh7 Ng5 55. Rh5 Ne6 56. Be5 Kc4 57. Rh6 Kd5 58. Bb8 e3 59.
Rf6 Ke4 60. Rxe6+ Kf3 61. Rf6 1-0

[Event "Euro Online U2300 Day 1"]
[Site "chess.com INT"]
[Date "2020.05.25"]
[Round "3"]
[White "Pogorelov, Igor"]
[Black "Albu, George"]
[Result "0-1"]
[WhiteElo "2129"]
[BlackElo "2142"]
[WhiteFideId "14113279"]
[BlackFideId "1237128"]
[EventDate "2020.05.25"]

1. Nf3 Nf6 2. c4 g6 3. b3 Bg7 4. Bb2 O-O 5. g3 c5 6. Bg2 Nc6 7. O-O d6 8. d4
cxd4 9. Nxd4 Nxd4 10. Bxd4 Qc7 11. Nc3 e6 12. Nb5 Qb8 13. Rc1 Rd8 14. Be5 Ne8
15. Bxg7 Nxg7 16. e4 a6 17. Nd4 Bd7 18. Qe2 b5 19. e5 Ra7 20. exd6 bxc4 21. bxc4
Qxd6 22. Rfd1 Ba4 23. Nb3 Qe7 24. Rxd8+ Qxd8 25. Nc5 Qa5 26. Nxa4 Qxa4 27. c5
Rc7 28. Qe5 Qa5 29. Qd6 Nf5 30. Qd8+ Kg7 31. g4 Ne7 32. Qd4+ f6 33. g5 Ng8 34.
gxf6+ Nxf6 35. Qd6 Kf7 36. c6 Ne8 37. Qd4 Qxa2 38. Qf4+ Ke7 39. Qg5+ Kf8 40. Rd1
Rf7 41. Qc5+ Kg7 42. Rd7 Qb1+ 43. Bf1 Qb8 44. h3 Qc8 45. Qe5+ Kg8 46. Rxf7 Kxf7
47. Bg2 Qc7 48. Qe2 a5 49. Qb5 Ke7 50. Qc5+ Kf7 51. Be4 Nf6 52. Bc2 Nd5 53. Bb3
Ne7 54. Ba4 h5 55. Kg2 Kf6 56. Qc3+ Qe5 57. Qf3+ Qf5 58. Qc3+ e5 59. c7 Qe4+ 60.
f3 Qxa4 61. c8=Q Nxc8 62. Qxc8 Qa2+ 63. Kg3 Qe6 64. Qc4 Qxc4 0-1

[Event "Euro Online U2300 Day 1"]
[Site "chess.com INT"]
[Date "2020.05.25"]
[Round "3"]
[White "Koskela, Niina"]
[Black "Gorodetzky, Matan"]
[Result "1-0"]
[WhiteTitle "WGM"]
[BlackTitle "FM"]
[WhiteElo "2197"]
[BlackElo "2284"]
[WhiteFideId "500755"]
[BlackFideId "2813394"]
[EventDate "2020.05.25"]

1. e4 e6 2. d3 d5 3. Nd2 Nf6 4. Ngf3 Be7 5. g3 O-O 6. Bg2 c5 7. O-O Nc6 8. Re1
b5 9. h4 h6 10. e5 Nd7 11. Nf1 Re8 12. N1h2 b4 13. Ng4 Bf8 14. Bf4 a5 15. Qd2
Qe7 16. c4 bxc3 17. bxc3 Ba6 18. h5 Rab8 19. Rab1 a4 20. Bf1 a3 21. Qc2 d4 22.
Qa4 Bb7 23. Rxb7 Rxb7 24. Qxc6 Rb6 25. Qa4 dxc3 26. Qxa3 Rb2 27. Bc1 Rb4 28. Ne3
Nb6 29. Qxc3 Qb7 30. Bg2 Qa6 31. a3 Ra4 32. Nd2 Rd4 33. Nec4 Red8 34. Be4 R4d7
35. Nxb6 Qxb6 36. Nc4 Qa6 37. Qb3 Qa7 38. a4 Rb8 39. Qc2 Be7 40. a5 Qc7 41. Bd2
f5 42. exf6 Bxf6 43. Bf4 e5 44. Bxe5 Bxe5 45. Nxe5 Qxa5 46. Qc4+ Kh8 47. Rf1 Rc7
48. Nf7+ Kg8 49. Nxh6+ Kh8 50. Nf7+ Kg8 51. Ng5+ Kh8 52. Qe6 Qb6 53. Nf7+ Kg8
54. Nd6+ Kf8 55. Qf5+ Ke7 56. Nc4 Qf6 57. Qxf6+ Kxf6 58. Kg2 Rb4 59. f4 Re7 60.
Kf3 Rb3 61. g4 Ra7 62. g5+ Kf7 63. Kg4 Ra2 64. h6 gxh6 65. gxh6 Rh2 66. h7 Rb8
67. Ra1 Kg7 68. Ra7+ Kh8 69. Ne5 c4 70. Ng6# 1-0

[Event "Euro Online U2300 Day 1"]
[Site "chess.com INT"]
[Date "2020.05.25"]
[Round "3"]
[White "Reizniece-Ozola, Dana"]
[Black "Musovic, Armin"]
[Result "0-1"]
[WhiteTitle "WGM"]
[BlackTitle "FM"]
[WhiteElo "2311"]
[BlackElo "2219"]
[WhiteFideId "11601124"]
[BlackFideId "939935"]
[EventDate "2020.05.25"]

1. c4 e5 2. g3 Nf6 3. Bg2 c6 4. d4 exd4 5. Qxd4 d5 6. Nc3 Be6 7. cxd5 cxd5 8.
Nf3 Nc6 9. Qa4 Be7 10. O-O O-O 11. Rd1 Qb6 12. e3 Rfd8 13. Nd4 Bg4 14. Re1 Ne5
15. Qc2 Rac8 16. a3 Bh5 17. Nf5 Bf8 18. h3 Nf3+ 19. Bxf3 Bxf3 20. Nd4 Be4 21.
Qe2 Bg6 22. Bd2 a6 23. Na4 Qc7 24. Rac1 Qe5 25. Nb6 Rxc1 26. Rxc1 Ne4 27. Ba5
Nxg3 28. Qg4 Nf5 29. Nc4 dxc4 30. Bxd8 Nxe3 31. Qh4 Nf5 32. Nxf5 Bxf5 33. Qg3
Qxg3+ 34. fxg3 Bc5+ 35. Kh2 Bd3 36. Ba5 f6 37. Bc3 Kf7 38. Re1 g5 39. Kg2 h5 40.
Kf3 Bd6 41. g4 h4 42. Bd4 b5 43. Kg2 Bg3 44. Rd1 Be4+ 45. Kg1 Bf3 46. Rf1 Be2
47. Rxf6+ Ke7 48. Rxa6 Bf4 49. Rb6 Kd7 50. Rxb5 c3 51. Rb7+ Kc6 52. Rb6+ Kd5 53.
bxc3 Ke4 54. a4 Kf3 55. a5 Kg3 56. a6 Kxh3 57. a7 Bf3 58. c4 Kxg4 59. Rb8 h3 60.
a8=Q h2+ 61. Kf2 h1=Q 0-1

[Event "Euro Online U2300 Day 1"]
[Site "chess.com INT"]
[Date "2020.05.25"]
[Round "3"]
[White "Novikova, Galina"]
[Black "Zeman, Matyas"]
[Result "0-1"]
[WhiteTitle "WFM"]
[WhiteElo "2073"]
[BlackElo "2278"]
[WhiteFideId "4157095"]
[BlackFideId "364398"]
[EventDate "2020.05.25"]

1. e4 c5 2. Nf3 Nc6 3. d4 cxd4 4. Nxd4 e5 5. Nb5 d6 6. N1c3 a6 7. Na3 Be6 8. Nd5
Bxd5 9. exd5 Nce7 10. c4 g6 11. Be2 Bg7 12. O-O Nf6 13. Nc2 O-O 14. Bg5 Ne4 15.
Be3 f5 16. Bf3 Nf6 17. Rb1 f4 18. Bd2 Qd7 19. Re1 Rac8 20. b3 g5 21. h3 Qf5 22.
Bg4 Nxg4 23. hxg4 Qg6 24. f3 h5 25. gxh5 Qxh5 26. Kf2 Qh4+ 27. Ke2 Nf5 28. Bc3
Qh2 29. Rg1 Ng3+ 30. Kd2 g4 31. Kc1 gxf3 32. gxf3 Ne2+ 33. Kb2 Nxg1 34. Qxg1
Qxg1 35. Rxg1 Kf7 36. Bb4 e4+ 37. Ka3 Be5 38. fxe4 Rg8 39. Rf1 Ke7 40. Ne1 Rce8
41. Nd3 Kd7 42. c5 Rg3 43. c6+ bxc6 44. dxc6+ Kxc6 45. Nxf4 Bxf4 46. Rxf4 Re6
47. Ka4 Re3 48. Rf8 R3xe4 49. a3 R6e5 50. Ra8 Kb7 51. Rd8 Kc7 52. Ra8 a5 53.
Rxa5 Rxa5+ 54. Kxa5 d5 55. Bc5 Kc6 56. b4 d4 57. Bf8 d3 58. Bh6 Rd4 59. Bd2 Rc4
60. a4 Rc2 61. b5+ Kb7 62. Bg5 d2 63. Bxd2 Rxd2 64. Kb4 Rd4+ 65. Ka5 Rg4 66. b6
Rg5+ 0-1

[Event "Euro Online U2300 Day 1"]
[Site "chess.com INT"]
[Date "2020.05.25"]
[Round "3"]
[White "Matic, Zeljko"]
[Black "Barak, David"]
[Result "1-0"]
[WhiteElo "2144"]
[BlackElo "2116"]
[WhiteFideId "14505690"]
[BlackFideId "387347"]
[EventDate "2020.05.25"]

1. Nf3 c5 2. g3 b6 3. Bg2 Bb7 4. O-O Nf6 5. d3 e6 6. e4 d6 7. Re1 Nbd7 8. c4 Be7
9. Nh4 Qc7 10. Nc3 a6 11. f4 O-O-O 12. Qe2 Rdg8 13. e5 Ne8 14. Nf3 h6 15. f5
exf5 16. e6 fxe6 17. Qxe6 Nf6 18. Qxf5 g6 19. Qh3 Re8 20. Nh4 Rhg8 21. Bxh6 Kb8
22. Bxb7 Qxb7 23. Qg2 Ne5 24. Bg5 Nfg4 25. Qxb7+ Kxb7 26. Bxe7 Rxe7 27. Kg2 Rf7
28. Rf1 Ne3+ 29. Kg1 Rxf1+ 30. Rxf1 Nxf1 31. Kxf1 Rf8+ 32. Ke2 g5 33. Ng2 Ng4
34. Ne4 Nxh2 35. Nxd6+ Kc6 36. Ne4 Ng4 37. b3 a5 38. a4 Ne5 39. Nxg5 Rh8 40. Nf4
Rh2+ 41. Ke3 Ng4+ 42. Kf3 Ne5+ 43. Ke4 Nd7 44. Nf3 Rb2 45. g4 Rxb3 46. g5 Rb1
47. g6 Rh1 48. Kf5 Rf1 49. g7 Rxf3 50. g8=Q Rf1 51. Qd5+ Kc7 52. Kg5 Rg1+ 53.
Kh4 Rf1 54. Ne6+ Kc8 55. Qc6+ Kb8 56. Qxd7 Rf8 57. Qc7+ Ka8 58. Nxf8 b5 59. Nd7
b4 60. Nb6# 1-0

[Event "Euro Online U2300 Day 1"]
[Site "chess.com INT"]
[Date "2020.05.25"]
[Round "3"]
[White "Khojayan, Vardan"]
[Black "Sergeev, Nikita S."]
[Result "0-1"]
[WhiteElo "2266"]
[BlackElo "1335"]
[WhiteFideId "13303520"]
[BlackFideId "34253670"]
[EventDate "2020.05.25"]

1. c4 Nf6 2. Nc3 e6 3. d4 Bb4 4. e3 c5 5. Ne2 d6 6. a3 Ba5 7. g3 O-O 8. Bg2 Nc6
9. O-O a6 10. b3 cxd4 11. exd4 Bd7 12. Bb2 Rc8 13. d5 Bxc3 14. Nxc3 Ne5 15. dxe6
Bxe6 16. h3 Re8 17. Kh2 Bf5 18. Nd5 b5 19. f4 Ned7 20. Qd4 bxc4 21. bxc4 Be4 22.
Rae1 Bxd5 23. Bxd5 Qc7 24. g4 Nb6 25. g5 Nbxd5 26. gxf6 Nxf6 27. Rg1 Rxe1 28.
Rxg7+ Kxg7 29. Qxf6+ Kf8 30. Qh8+ Ke7 31. Qf6+ Kd7 32. Qxf7+ Kc6 33. Qd5+ Kd7
34. Qf7+ Re7 35. Qf5+ Ke8 36. Qh5+ Rf7 37. Qg4 Qc6 38. Qg8+ Ke7 39. Qg5+ Kd7 40.
Qg4+ Kc7 41. Qe6 Rd7 42. Qe3 Rb8 43. Bd4 Qxc4 44. Bc3 Rb7 45. h4 Qa2+ 46. Kh3
Qxa3 47. Kg4 Qc5 48. Bd4 Qc6 49. Bc3 d5 50. Ba5+ Rb6 51. Qe5+ Kb7 52. Bxb6 Qxb6
53. f5 Qc6 54. Qb2+ Qb6 55. Qe5 Qd6 56. Qb2+ Kc7 57. Qc3+ Kb7 58. Qb2+ Ka8 59.
Qh8+ Ka7 60. Qd4+ Qb6 61. Qe5 Rc7 62. f6 Rc4+ 63. Kg5 Qg1+ 64. Kh5 Qg6# 0-1

[Event "Euro Online U2300 Day 1"]
[Site "chess.com INT"]
[Date "2020.05.25"]
[Round "3"]
[White "Usanov, Maxim"]
[Black "Tymoshenko, Ihor"]
[Result "0-1"]
[BlackTitle "FM"]
[WhiteElo "2093"]
[BlackElo "2306"]
[WhiteFideId "14112728"]
[BlackFideId "14105519"]
[EventDate "2020.05.25"]

1. c4 e6 2. e4 c5 3. Nf3 Nc6 4. Nc3 Nf6 5. e5 Ng4 6. d4 cxd4 7. Nxd4 Ngxe5 8.
Be2 Be7 9. Be3 O-O 10. Nb3 a5 11. a4 Nb4 12. f4 Nec6 13. Bf3 d5 14. cxd5 exd5
15. O-O Bf6 16. Nxd5 Bxb2 17. Bb6 Qd7 18. Nc7 Rb8 19. Rb1 Bf6 20. g4 Bd8 21.
Qxd7 Bxd7 22. Rbd1 Be6 23. Nc5 Bxc7 24. Bxc7 Rbc8 25. Nxe6 fxe6 26. Bd6 Rfd8 27.
g5 g6 28. Bg4 Kf7 29. Rfe1 Re8 30. Bc5 Rcd8 31. Bb6 Rxd1 32. Rxd1 Nd5 33. Bc5
Rd8 34. Rb1 Rd7 35. Rf1 b6 36. Bf2 Nce7 37. Bd4 Nf5 38. Bxf5 exf5 39. Be5 Nb4
40. Rb1 Rb7 41. Rd1 b5 42. axb5 Rxb5 43. Rd7+ Ke6 44. Rxh7 Nc6 45. Rg7 Nxe5 46.
fxe5 Kxe5 47. Rxg6 Kf4 48. h4 Kg3 49. Kf1 Kxh4 50. Kf2 Kh5 51. Rg8 Rb3 52. g6
Kh6 53. g7 Rb5 54. Kf3 Kh7 55. Ra8 Kxg7 56. Ra6 Kf7 57. Kf4 Ke7 58. Ke3 Kd7 59.
Kd4 Kc7 60. Kc4 Re5 61. Kd4 Re4+ 62. Kd5 a4 63. Rf6 a3 64. Rxf5 a2 65. Rf1 Ra4
66. Ra1 Kb6 67. Kd6 Kb5 68. Kd5 Kb4 69. Kd4 Kb3+ 70. Kd3 Kb2 0-1

[Event "Euro Online U2300 Day 1"]
[Site "chess.com INT"]
[Date "2020.05.25"]
[Round "3"]
[White "Sjoberg, Isak"]
[Black "Kanyamarala, Tarun"]
[Result "0-1"]
[BlackTitle "FM"]
[WhiteElo "2189"]
[BlackElo "2381"]
[WhiteFideId "1521640"]
[BlackFideId "45004714"]
[EventDate "2020.05.25"]

1. e4 c5 2. Nf3 Nc6 3. Bb5 e6 4. Bxc6 bxc6 5. d3 Ne7 6. Qe2 Ng6 7. b3 Be7 8. Bb2
Nf4 9. Qf1 O-O 10. g3 Ng6 11. Nbd2 d6 12. h4 Bf6 13. c3 h5 14. Qe2 e5 15. Nf1 d5
16. Ne3 a5 17. Ba3 Ba6 18. c4 a4 19. Bxc5 Be7 20. Bxe7 Nxe7 21. O-O d4 22. Nc2
Qd6 23. b4 Bc8 24. c5 Qf6 25. Nh2 Bh3 26. Rfe1 Qg6 27. Na3 f5 28. Nc4 fxe4 29.
Qxe4 Qf6 30. f4 Nf5 31. Qxe5 Nxg3 32. Qxf6 Rxf6 33. Nb6 Raf8 34. Kf2 Nf5 35. Nd7
Rg6 36. Rg1 Rxg1 37. Rxg1 Rf7 38. Ne5 Rb7 39. Nxc6 Ne3 40. Nxd4 Nd5 41. b5 Nxf4
42. Rg3 Rd7 43. Nc6 Nxd3+ 44. Ke3 Nxc5 45. Ne5 Rd5 46. Rxh3 Rxe5+ 47. Kd4 Nd7
48. b6 Rb5 49. Ra3 Nxb6 50. Nf3 Rd5+ 51. Ke4 Kf7 52. Ng5+ Kf6 53. Rf3+ Kg6 54.
Rg3 Kf6 55. Rf3+ Kg6 56. Rg3 Rb5 57. Ne6+ Kf6 58. Nxg7 Rb4+ 59. Kd3 Rxh4 60.
Ne8+ Ke5 61. Rg5+ Kf4 62. Rb5 Rh3+ 63. Kd4 Nd7 64. Rb7 Rh1 65. Kc4 Ne5+ 66. Kc3
h4 67. Rb4+ Kf3 68. Nf6 h3 69. Ne4 h2 70. Nd2+ Kg3 71. Ne4+ Kg2 72. Rb2+ Kf3 73.
Nf2 Rc1+ 74. Kb4 Nd3+ 75. Nxd3 h1=Q 76. Nxc1 Qxc1 77. Rh2 Qf4+ 0-1

[Event "Euro Online U2300 Day 1"]
[Site "chess.com INT"]
[Date "2020.05.25"]
[Round "3"]
[White "Kiremitciyan, Ari"]
[Black "Taspinar, Yanki"]
[Result "1-0"]
[WhiteTitle "FM"]
[BlackTitle "CM"]
[WhiteElo "2281"]
[BlackElo "2178"]
[WhiteFideId "6373445"]
[BlackFideId "34561188"]
[EventDate "2020.05.25"]

1. d4 d5 2. c4 e6 3. Nc3 c6 4. e3 Nf6 5. Nf3 Nbd7 6. Bd3 dxc4 7. Bxc4 b5 8. Be2
Bb7 9. O-O a6 10. b3 c5 11. Bb2 Be7 12. dxc5 Nxc5 13. Qxd8+ Rxd8 14. Rad1 O-O
15. Nd4 Nd5 16. Nxd5 Bxd5 17. Bf3 Ne4 18. Ne2 g5 19. h3 Rc8 20. Nd4 Bf6 21. Rfe1
Bg7 22. Rc1 h6 23. Red1 Rfd8 24. Bxe4 Bxe4 25. f3 Bb7 26. Kf2 Kh7 27. Rxc8 Rxc8
28. Rc1 Rxc1 29. Bxc1 Kg6 30. Ne2 f5 31. Bd2 e5 32. Bc3 Kf7 33. Nc1 Ke6 34. Nd3
Kd5 35. f4 Bf8 36. Bxe5 Ke4 37. Ke2 Kd5 38. Bd4 a5 39. Ne5 Ke6 40. g3 Bd6 41. h4
Be7 42. hxg5 hxg5 43. Nd3 Kd5 44. fxg5 Bxg5 45. Be5 Bd8 46. Bf4 b4 47. Nf2 Ba6+
48. Kd2 Bb5 49. Bh6 Be7 50. Bg7 a4 51. Bd4 a3 52. Bg7 Ke6 53. Bd4 Bc6 54. g4
fxg4 55. Nxg4 Bd5 56. Nf2 Kf7 57. Nd3 Ke6 58. Bc5 Bxb3 59. axb3 Bxc5 60. Nxc5+
Kd5 61. Na6 Ke4 62. Nxb4 a2 63. Nxa2 1-0